00554nmm a2200169Ia 4500008004100000020001500041041000800056100002000064245010500084264004500189300001800234650001500252700002000267700002200287700002500309856005000334251105s9999||||xx |||||||||||||||||und|| a8484296547 aspa aAnguera, Blanca 0aLa psicología de la primera mitad del s. XX. Segunda parte: las escuelas y sistemas psicológicos a[Madrid, España] :bUOC Papers, c2002 a148 páginas aPsychology aAnguera, Blanca1 a Civera, Cristina1 a de la Casa, Gonzalo uhttps://public.digitaliapublishing.com/a/5771